Can residual lexical knowledge concern word from rather than word meaning? / Maria Caterina Silveri... [et al.] (Record no. 63601)

MARC details
000 -CABECERA
campo de control de longitud fija 00704nam a2200253 a 4500
005 - FECHA Y HORA DE LA ÚLTIMA TRANSACCIÓN
campo de control 20210219152915.0
008 - ELEMENTOS DE LONGITUD FIJA--INFORMACIÓN GENERAL
campo de control de longitud fija 991125n 000 0 eng u
035 ## - NÚMERO DE CONTROL DEL SISTEMA
Número de control de sistema UPN01000066648
222 #0 - TÍTULO CLAVE
Título clave BRAIN AND LANGUAGE
245 00 - MENCIÓN DE TÍTULO
Título Can residual lexical knowledge concern word from rather than word meaning? / Maria Caterina Silveri... [et al.]
260 ## - PUBLICACIÓN, DISTRIBUCIÓN, ETC.
Lugar de publicación, distribución, etc. EUA
300 ## - DESCRIPCIÓN FÍSICA
Extensión 597-612
362 0# - FECHAS DE PUBLICACIÓN Y/O DESIGNACIÓN SECUENCIAL
Fecha de publicación y/o designación secuencial 1992 Vol. 43, no. 4, nov.
653 0# - TERMINO DE INDIZACION - NO CONTROLADO
Término no controlado COMPRENSION LECTORA
653 0# - TERMINO DE INDIZACION - NO CONTROLADO
Término no controlado ESCRITURA
653 0# - TERMINO DE INDIZACION - NO CONTROLADO
Término no controlado FONOLOGIA
653 0# - TERMINO DE INDIZACION - NO CONTROLADO
Término no controlado LEXICO
653 0# - TERMINO DE INDIZACION - NO CONTROLADO
Término no controlado PRUEBAS EDUCATIVAS
653 0# - TERMINO DE INDIZACION - NO CONTROLADO
Término no controlado SEMANTICA
700 ## - ASIENTO SECUNDARIO--NOMBRE DE PERSONAL
Nombre de persona Silveri, Maria Caterina
700 1# - ASIENTO SECUNDARIO--NOMBRE DE PERSONAL
Término indicativo de función/relación coaut.
904 ## - ELEMENTOS DE DATOS D LOCAL, LDD (RLIN)
a AC
b 004459
905 ## - TIPO DE MATERIAL
Tipo de material Articulo

No items available.